Elementary circuit properties of transistors (Record no. 23315)

000 -LEADER
fixed length control field 00727nam a22002531 4500
001 - CONTROL NUMBER
control field 23315
003 - CONTROL NUMBER IDENTIFIER
control field BD-DhUET
008 - FIXED-LENGTH DATA ELEMENTS--GENERAL INFORMATION
fixed length control field 730109s1964 nyua b 000 0 eng
040 ## - CATALOGING SOURCE
Original cataloging agency DLC
Transcribing agency DLC
Modifying agency BD-DhUET
082 ## - DEWEY DECIMAL CLASSIFICATION NUMBER
Classification number 623.8151
Item number SEA/19649
100 1# - MAIN ENTRY--PERSONAL NAME
Personal name Searle, Campbell L.
245 10 - TITLE STATEMENT
Title Elementary circuit properties of transistors
250 ## - EDITION STATEMENT
Edition statement 1st ed.
260 ## - PUBLICATION, DISTRIBUTION, ETC. (IMPRINT)
Place of publication, distribution, etc. New York
Name of publisher, distributor, etc. John Wiley & Sons
Date of publication, distribution, etc. 1964
300 ## - PHYSICAL DESCRIPTION
Extent xxi, 306 p.
Other physical details illus
Dimensions 22 cm.
490 ## - SERIES STATEMENT
Series statement Semiconductor electronics education committee books
500 ## - GENERAL NOTE
General note Volume - 3
504 ## - BIBLIOGRAPHY, ETC. NOTE
Bibliography, etc Includes bibliographies
650 #0 - SUBJECT ADDED ENTRY--TOPICAL TERM
Topical term or geographic name as entry element Circuits : Electronics : Engg.
700 ## - ADDED ENTRY--PERSONAL NAME
Personal name Boothroyd, A. R.
700 ## - ADDED ENTRY--PERSONAL NAME
Personal name Angelo, E. J.
700 ## - ADDED ENTRY--PERSONAL NAME
Personal name Gray, Paul E.
942 ## - ADDED ENTRY ELEMENTS (KOHA)
Koha item type General Book
Holdings
Price effective from Damaged status Withdrawn status Koha date last seen Piece designation (barcode) Location (home branch) Not for loan Sublocation or collection (holding branch) Lost status Koha normalized classification for sorting Shelving location Koha full call number Date acquired Copy number Koha item type Source of classification or shelving scheme
2015-05-03  2015-05-0335735Central Library, BUET Central Library, BUET 623_815100000000000_SEA_1964Circulation section623.8151/SEA/19642015-05-031General Book 
2015-05-03  2015-05-0335749Central Library, BUET Central Library, BUET 623_815100000000000_SEA_1964Circulation section623.8151/SEA/19642015-05-032General Book 
2015-05-04  2015-05-0416238Central Library, BUET Central Library, BUET 623_815100000000000_SEA_1964Circulation section623.8151/SEA/19642015-05-043General Book 
2015-05-04  2015-05-0412507Central Library, BUET Central Library, BUET 623_815100000000000_SEA_1964Circulation section623.8151/SEA/19642015-05-044General Book 
2015-05-04  2015-05-0427851Central Library, BUET Central Library, BUET 623_815100000000000_SEA_1964Circulation section623.8151/SEA/19642015-05-045General Book 
2015-05-04  2015-05-0443533Central Library, BUET Central Library, BUET 623_815100000000000_SEA_1964Circulation section623.8151/SEA/19642015-05-046General Book 
2015-05-04  2015-05-0445010Central Library, BUET Central Library, BUET 623_815100000000000_SEA_1964Circulation section623.8151/SEA/19642015-05-047General Book 
2015-05-04  2015-05-0435742Central Library, BUET Central Library, BUET 623_815100000000000_SEA_1964Circulation section623.8151/SEA/19642015-05-048General Book 
2015-05-04  2015-05-0433540Central Library, BUET Central Library, BUET 623_815100000000000_SEA_1964Circulation section623.8151/SEA/19642015-05-049General Book